Neziskové organizácie
Z obsahu: Neziskový sektor má byť legislatívne ohraničený do polovice tohto roka. Grémium tretieho sektora navrhuje zjednodušiť registráciu mimovládnych neziskových organizácií. Vyše 11-tisíc občianskych združení. Pomalá registrácia nadácií.
Gespeichert in:
| 1. Verfasser: | |
|---|---|
| Format: | Buchkapitel |
| Sprache: | Slowakisch |
| Schlagworte: | |
| Tags: |
Keine Tags, Fügen Sie das erste Tag hinzu!
|
MARC
| LEADER | 00000naa a2200000 4500 | ||
|---|---|---|---|
| 001 | r025321 | ||
| 005 | 20230921080531.2 | ||
| 041 | 0 | |a slo | |
| 044 | |a SK | ||
| 245 | 1 | 0 | |a Neziskové organizácie |c E. Reiselová |
| 520 | |a Z obsahu: Neziskový sektor má byť legislatívne ohraničený do polovice tohto roka. Grémium tretieho sektora navrhuje zjednodušiť registráciu mimovládnych neziskových organizácií. Vyše 11-tisíc občianskych združení. Pomalá registrácia nadácií. | ||
| 610 | 2 | 0 | |a organizácie neziskové |
| 610 | 2 | 0 | |a organizácie nevládne |
| 610 | 2 | 0 | |a združenia občianske |
| 610 | 2 | 0 | |a nadácie |
| 610 | 2 | 0 | |a legislatíva |
| 610 | 2 | 0 | |a sektor terciárny |
| 100 | 1 | |a Reiselová, E. | |